000 00674nam a22002537a 4500
003 OSt
005 20180116183003.0
008 150731b xxu||||| |||| 00| 0 eng d
020 _a9780887306877
022 _a9780887306877
040 _c0
050 _a658.406
082 _a658.406
100 _aHammer,Michael
245 _aReengineering the Corporation.
_bA Manifesto for Business Revolution.
_cMichael Hammer
250 _a1st.
260 _aNew York
_bHarperCollins .
_c1993
300 _a233p.
440 _aReengineering the Corporation.
500 _aPaper Cover
600 _aHammer,Michael
700 _aHammer,Michael
942 _2ddc
_cBK
_k658.406
999 _c349943
_d349943